| 000 | 00386nam a2200157Ia 4500 | ||
|---|---|---|---|
| 100 | _aMurdocca/Miles/ Heuring/V | ||
| 650 | _aComputer Architecture | ||
| 942 | _cBK | ||
| 366 | _f20 | ||
| 654 | _aarchitecture | ||
| 245 | _aComputer architecture and organisation | ||
| 260 |
_bWiley student edition _aMumbai _c2007 |
||
| 082 |
_a004.22/MUR _bMUR |
||
| 300 | _a524 | ||
| 546 | _aENGLISH | ||
| 999 |
_c21007 _d21007 |
||